000 00642cam a22002172 4500
001 0000003031
005 20151217151912.0
008 070426s xx 000 0 eng d
020 _a0205156657 :
040 _aKABU
_cKABU
050 0 _aHG4027.5
_b.S53 1994
100 1 _aShapiro, Alan C.
_@0000152601
245 1 0 _aFoundations of multinational financial management.
250 _a2nd ed.
260 _aBoston :
_bAllyn & Bacon,
_c1994.
300 _axix, 652 p.
650 0 _aInternational business enterprises
_xFinance.
_@0000152529
908 _a070426
950 _@1
999 _c6181
_d6181